| 000 | 01210nam a2200337 i 4500 | ||
|---|---|---|---|
| 001 | bg | ||
| 003 | BPK | ||
| 005 | 20190725095254.0 | ||
| 008 | s1994 pl f f |000 0 pol | ||
| 020 | _a8301116056 | ||
| 040 | _cBPK | ||
| 041 | 1 |
_apol _hrus |
|
| 080 | _a53 | ||
| 080 | _a(075.8) | ||
| 100 | 1 | _aSavel'ev, Igor' Vladimirovič | |
| 245 | 0 | 0 |
_aWykłady z fizyki. _nT. 2, _pElektryczność i magnetyzm. Fale. Optyka / _cI. W. Sawieliew ; [z ros. tł. Jan Kalinowski]. |
| 246 | 3 | 0 | _aElektryczność i magnetyzm |
| 246 | 3 | 0 | _a Fale |
| 246 | 3 | 0 | _aOptyka |
| 246 | 1 |
_iTyt. oryg.: _aKurs obščej fiziki. _nT. 2, _pElektričestvo i magnetizm ; Volny ; Optika |
|
| 250 | _aWyd. 2 popr. | ||
| 260 |
_aWarszawa : _bWydaw. Naukowe PWN, _c1994. |
||
| 300 |
_a[2], 591, [3] s. : _bfot., rys., wykr. ; _c21 cm. |
||
| 500 | _aOryg. : "Kurs obŝej fiziki. T. 2 : Električestvo i magnetizm ; Volny ; Optika" 1982. - Wyd. 1 ogł. pt. : Kurs fizyki. | ||
| 504 | _aIndeks. | ||
| 650 | 4 |
_aFizyka _xszkoły wyższe. |
|
| 655 | _aPodręczniki akademickie | ||
| 700 | 1 |
_aKalinowski, Jan Henryk _c(fizyk). _eTł. |
|
| 710 | 2 |
_aWydawnictwo Naukowe PWN _4pbl. |
|
| 942 |
_cKS _2UKD |
||
| 999 |
_c24481 _d24481 |
||